|
|
|
|
| LEADER |
00000nab a2200000 a 4500 |
| 001 |
vtls000111672 |
| 003 |
SK-MaSNL |
| 005 |
20260304065758.0 |
| 008 |
250422c1981 xo 0 slo |
| 015 |
|
|
|a SNBRB19rr/mm-uuuuu
|
| 035 |
|
|
|a CL0121775
|
| 035 |
|
|
|a urn:nbn:sk:snk-ab2zr
|
| 035 |
|
|
|a (urnnbn)urn:nbn:sk:snk:ar-a0364s
|
| 035 |
|
|
|a (uuid)3812455a-c2a9-4674-b84c-3d0c68bcc423
|
| 040 |
|
|
|a SNKBUCL
|b slo
|c SNKBUCL
|e AACR2
|
| 041 |
0 |
|
|a slo
|
| 044 |
|
|
|a xo
|c SK
|
| 080 |
|
|
|a 391
|2 1981
|
| 080 |
|
|
|a 392
|2 1981
|
| 080 |
|
|
|a 630 3
|2 1981
|
| 080 |
|
|
|a 622
|2 1981
|
| 100 |
1 |
|
|a Ťažký, Ladislav,
|d 1924-2011
|4 aut
|9 237806
|
| 245 |
1 |
0 |
|a Odievanie a stravovanie drevorubačov a uhliarov na Čiernom Balogu koncom 19. a začiatkom 20. storočia
|c Ladislav Ťažký
|
| 300 |
|
|
|b Obr. 4.
|
| 650 |
0 |
7 |
|a drevorubači
|2 snkbucl
|9 55050
|
| 650 |
0 |
7 |
|a uhliari
|2 snkbucl
|9 702141
|
| 650 |
0 |
7 |
|a odev
|2 snkbucl
|9 322245
|
| 650 |
0 |
7 |
|a strava
|2 snkbucl
|9 869925
|
| 655 |
|
7 |
|a články z novín a časopisov
|2 snkbucl
|9 267496
|
| 773 |
0 |
|
|t Slovenský národopis
|g Roč. 29, č. 2-3 (1981), s. 378-389
|
| 850 |
|
|
|a Slovenská národná knižnica
|
| 852 |
|
|
|a Slovenská národná knižnica
|
| 954 |
|
|
|a odborná, vedecká literatúra pôvodná (slovenská)
|2 lita
|
| 958 |
|
|
|a article27
|
| 958 |
|
|
|a RK
|
| 958 |
|
|
|a OND
|
| 958 |
|
|
|a EUIPO
|
| 992 |
|
|
|a RBX
|
| 999 |
|
|
|c 2752521
|d 2754451
|